| 000 | 00489cam a22001337a 4500 | ||
|---|---|---|---|
| 008 | 180718b2003 xxu||||| |||| 00| 0 eng d | ||
| 100 | _aDeininger, Klaus | ||
| 245 |
_aMarket and non-market transfers of land in Ethiopia: implications for efficiency, equity, and non-farm development _cby Klaus Deininger, et.al. |
||
| 260 |
_aWashington, D.C. _bWorld Bank _c2003 |
||
| 300 | _a29p. | ||
| 440 | _aPolicy research working paper; no. 2992 | ||
| 650 | _aNon-farm development | ||
| 650 | _aEquity | ||
| 999 |
_c289444 _d289444 |
||